| 000 | 04406nam a2200337 i 4500 | ||
|---|---|---|---|
| 001 | 000802961 | ||
| 005 | 20251029074858.0 | ||
| 008 | 140219s1998 mx a gr 000 0 spa d | ||
| 020 | _a0721657729 | ||
| 040 |
_aCO-BoUNC _bspa _erda |
||
| 041 |
_aspa _hspa |
||
| 082 | 0 | 4 |
_a636.0896079 _bT625i |
| 100 |
_aTizard, Ian R. _eAutor _9862 |
||
| 245 | 1 | 0 |
_aInmunología veterinaria / _cIan R. Tizard ; traducción Martha Elena Araiza. |
| 250 | _aQuinta edición | ||
| 264 |
_aMéxico : _bMc Graw Hill ; _c1999 |
||
| 300 |
_a567 páginas _bilustraciones, fotográfias ; _c25 cm. |
||
| 336 |
_atexto _btxt _2rda contenido |
||
| 337 |
_asin mediación _bn _2rda medio |
||
| 338 |
_avolumen _bnc _2rda soporte |
||
| 505 | _aContenido. -- Capítulo 1 Las defensas del cuerpo. -- Capítulo 2 Invasores del cuerpo. -- Capítulo 3 destrucción de materias extrañas. -- Capítulo 4 Macrófagos: el segundo grupo de células fagocíticas. -- Capítulo 5 Inflamación. -- Capítulo 6 MHC: Receptores presentadores de antígenos. -- Capítulo 7 Trasformación de antígenos. -- Capítulo 8 Órganos del sistema inmunitario. -- Capítulo 9 Linfocitos. -- Capítulo 10 Células T auxiliares y su respuesta al antígeno. - Capítulo 11 Las células B y su respuesta al antígeno. -- Capítulo 12 Las citocinas y el sistema inmunitario. -- Capítulo 13 Anticuerpos: Formas solubles de os receptores de células B. -- Capítulo 14 Sitios de unión de antígenos y su genética. -- Capítulo 15 Función de las células T y destrucción del antígeno vinculado a células. -- Capítulo 16 El sistema del complemento. -- Capítulo 17 Regulación del sistema inmunitario. -- Capítulo 18 Serología: detección de anticuerpos y métodos de medición. -- Capítulo 19 Inmunidad en el feto y el neonato. -- Capítulo 20 Inmunidad en las superficies corporales. -- Capítulo 21 Vacunación y vacunas. -- Capítulo 22 Resistencia a las bacterias. -- Capítulo 23 Resistencia los virus. -- Capítulo 24 Inmunidad contra los parásitos. -- Capítulo 25 Resistencia a los tumores. -- Capítulo 26 Hipersensibilidad de tipo I. -- Capítulo 27 Antígenos de los eritrocitos e hipersensibilidad tipo II. -- Capítulo 28 Complejos inmunitarios e hipersensibilidad tipo III. -- Capítulo 29 Hipersensibilidad de tipo IV: hipersensibilidad retardada. -- Capítulo 30 Hipersensibilidad de tipo IV: rechazo de injertos. -- Capítulo 31 Autoinmunidad: principios generales. -- Capítulo 32 Enfermedades autoinmunitarias especificas de órganos. -- Capítulo 33 Enfermedades autoinmunitarias sistémicas. -- Capítulo 34 Deficiencias inmunitarias primarias. -- Capítulo 35 Defectos inmunitarios secundarios. -- Capítulo 36 Fármacos y otros agentes que afectan al sistema inmunitario. -- Capítulo 37 La evolución del sistema inmunitario. -- Glosario. -- Lista comentada de algunas moléculas de grupos de diferenciación. -- Índice alfabético. | ||
| 520 | _aEl libro Inmunología veterinaria del autor Ian R. Tizard, con traducción al español de Martha Elena Araiza, es una obra de referencia fundamental en el campo de la inmunología aplicada a la medicina veterinaria. Presenta de manera clara y actualizada los principios básicos del sistema inmunitario y su funcionamiento en diferentes especies animales, abordando tanto los aspectos moleculares y celulares de la respuesta inmune como su relación con las enfermedades infecciosas, autoinmunes, alérgicas y neoplásicas que afectan a los animales domésticos. El texto combina el rigor científico con un enfoque didáctico y clínico, orientado al entendimiento práctico de los mecanismos inmunológicos y su aplicación en el diagnóstico, prevención y tratamiento de patologías veterinarias. Incluye ilustraciones, esquemas y ejemplos de casos clínicos que facilitan la comprensión de los conceptos más complejos. Esta obra es una guía esencial para estudiantes y profesionales de medicina veterinaria, así como para investigadores interesados en la inmunología comparada y la salud animal. | ||
| 598 | _a1 | ||
| 650 | 1 | 0 |
_aInmunología veterinaria _2LEMB _9864 |
| 650 | 1 | 0 |
_aVeterinaria y zootecnia _2LEMB _9865 |
| 650 | 1 | 0 |
_aSistema inmunitario en animales _9866 |
| 650 | 1 | 0 |
_aEnfermedades animales _x Aspectos inmunológicos _9867 |
| 650 | 1 | 0 |
_aEnfermedades inmunológicas _9846 |
| 700 |
_aAraiza, Martha Elena _etrl _9863 |
||
| 942 |
_cBK _n0 |
||
| 999 |
_c37848 _d37848 |
||